| 000 | 00639nam a22001937a 4500 | ||
|---|---|---|---|
| 003 | OSt | ||
| 005 | 20260302065550.0 | ||
| 008 | 260213b |||||||| |||| 00| 0 eng d | ||
| 020 | _a971270596x | ||
| 040 |
_aDWCL-Main Lib _cOC |
||
| 082 | _aFil. 324.4095 Si625 1997 | ||
| 245 | _aSix young Filipino martyrs | ||
| 260 |
_aPasig City, Philippines : _bAnvil Publishing House, _cc1997. |
||
| 300 |
_axv, 276 ages. : _billustrations ; _c23 cm. |
||
| 504 | _a1. Includes bibliographical references. | ||
| 650 | _aPolitical activist - Philippines - Biography. | ||
| 700 |
_aASUNCION, DAVID - MARAMBA _eEditor |
||
| 942 |
_2ddc _cBK - FIL _mFil. _n0 |
||
| 999 |
_c8400 _d8400 |
||